Liedtext - We got the moves - Electric Callboy (Lyrics) - Statistics

General Stats
  • This quiz has been taken 43 times
  • The average score is 284 of 391
Answer Stats
Answer % Correct
got
97%
moves
97%
the
97%
we
97%
We
97%
a
91%
do
86%
again
83%
it
83%
Summer
83%
my
80%
on
80%
sun
80%
under
80%
yeah
80%
Yeah
80%
And
77%
and
77%
beach
77%
free
77%
groove
77%
hot
77%
like
77%
that
77%
That
77%
all
74%
cheap
74%
everybody
74%
Everybody
74%
feet
74%
let's
74%
Oh
74%
sand
74%
We're
74%
we're
74%
wine
74%
young
74%
are
71%
away
71%
beer
71%
Cold
71%
fade
71%
me
71%
need
71%
never
71%
Sipping
71%
summertime
71%
that's
71%
to
71%
will
71%
Will
71%
fuck
69%
is
69%
sunny
69%
alive
66%
believe
66%
booze
63%
everybody's
63%
memories
63%
much
63%
dop-död-död
60%
Dop-död-död-dop
60%
dop-död-död-dop
60%
drank
60%
hands
60%
mood
60%
night
60%
put
60%
too
60%
up
60%
Yesterday
60%
your
60%
So
57%
don't
54%
say
51%
straight
51%
Tonight
49%
club
46%
give
43%
good
43%
just
43%
no
43%
over
43%
'cause
40%
feel
40%
high
40%
life
40%
wants
40%
addicted
37%
living
37%
More
37%
more
37%
rave
37%
gon'
34%
hell
34%
'til
34%
vibe
34%
wanna
34%
weekend
34%
Boom
31%
done
31%
party
31%
damn
29%
down
29%
repeat
29%
stop
29%
until
29%
Get
26%
gonna
26%
our
26%
track
26%
won't
26%
eyes
17%
glowing
17%
Hits
17%
We'rе
0%
No matching quizzes found
Score Distribution
Percent of People with Each Score
Percentile by Number Answered
Your Score History
You have not taken this quiz